| 000 | 00903nam a2200253 i 4500 | ||
|---|---|---|---|
| 001 | 13044 | ||
| 003 | ES-MaACL | ||
| 005 | 20250630032851.0 | ||
| 007 | t| | ||
| 008 | 970303s1996 sp ||||0| spa j | ||
| 020 | _a84-7793-514-9 | ||
| 040 |
_aM-BN _bspa _cM-BN |
||
| 080 | _a339.5(460.355 C.)"16" | ||
| 100 | 1 |
_aCarrasco González, María Guadalupe. _935558 |
|
| 245 | 1 | 4 |
_aLos instrumentos del comercio colonial en el Cádiz del siglo XVII (1650-1700) / _cMª Guadalupe Carrasco González. |
| 260 |
_a[Madrid] : _bBanco de España, Servicio de Estudios, _c1996. |
||
| 300 |
_a210 p. ; _c24 cm. |
||
| 490 | 1 |
_aEstudios de historia económica ; _v35 |
|
| 651 | 4 |
_aCádiz- _xComercio exterior- _yS.XVII. _97914 |
|
| 710 | 2 | 0 |
_aBanco de España _92104 |
| 830 | 0 |
_aEstudios de historia económica ; _v35 _9179607 |
|
| 852 |
_aES-MaACL _jL-20433 _bR.125550 |
||
| 999 |
_c13044 _d13044 |
||